ბათუმის შოთა რუსთაველის სახელმწიფო უნივერსიტეტის ბიბლიოთეკა

გერმანულ - ქართული ლექსიკონი = Deutsch - Georgisches wörterbuch : (ბიბ.ჩანაწერი № 40846)

000 -ლიდერი
ფიქსირებული სიგრძის საკონტროლო ველი 01386nam a2200265Ia 4500
001 - საკონტროლო ნომერი
საკონტროლო ველი 7487
003 - საკონტროლო ნომრის იდენტიფიკატორი
საკონტროლო ველი GE_BSU
005 - ბოლო ოპერაციის თარიღი და დრო
საკონტროლო ველი 20231219121434.0
008 - ფიქსირებული სიგრძის მონაცემთა ელემენტები - ზოგადი ინფორმაცია
ფიქსირებული სიგრძის საკონტროლო ველი 181216s2007||||ge |||||||||||||| ||geo||
020 ## - წიგნის საერთაშორისო სტანდარტული ნომერი
International Standard Book Number 9994000454
040 ## - კატალოგიზაციის წყარო
Transcribing agency GE_BSU
041 ## - ენის კოდი
Language code of text/sound track or separate title geo
080 ## - უნივერსალური ათობითი კლასიფიკაციის ინდექსი
Universal Decimal Classification number 81'374.822 გ-36
245 ## - ცნობა სათაურის შესახებ
Title გერმანულ - ქართული ლექსიკონი = Deutsch - Georgisches wörterbuch :
Remainder of title 50.000 ლექსიკური ერთეული /
Statement of responsibility, etc შემდგ. რუსუდან ზექალაშვილი, ჭაბუკი ქირია ; რედ. დალი ბახტაძე.
250 ## - გამოცემის ცნობა
Edition statement მე-2 შევსებული გამოცემა
264 ## - წარმოების, გამოცემის, დისტრიბუციის და სხვა ცნობები
გამოცემის, წარმოების, დისტრიბუციის... ადგილი თბილისი :
გამოცემის, წარმოების, დისტრიბუციის... სახელწოდება დეგი,
გამოცემის, წარმოების, დისტრიბუციის... თარიღი 2007.
300 ## - ფიზიკური აღწერა
Extent 846 გვ. ;
Dimensions 20 სმ.
Accompanying material ძლიერი და უწესო ზმნების ცხრილი გვ. : 841-846
653 ## - INDEX TERM--UNCONTROLLED
Uncontrolled term გერმანულ-ქართული ლექსიკონი
653 ## - INDEX TERM--UNCONTROLLED
Uncontrolled term ლექსიკონი.
700 ## - ADDED ENTRY--PERSONAL NAME
Personal name ზექალაშვილი, რუსუდან
Relator term შემდგენელი
9 (RLIN) 4984
700 ## - ADDED ENTRY--PERSONAL NAME
Personal name ქირია, ჭაბუკი
Relator term შემდგენელი
9 (RLIN) 14567
700 ## - ADDED ENTRY--PERSONAL NAME
Personal name ბახტაძე, დალი
Relator term რედაქტორი
9 (RLIN) 20785
942 ## - ADDED ENTRY ELEMENTS (KOHA)
Koha item type წიგნი
Source of classification or shelving scheme
ეგზემპლარები
ჩამოწერის სტატუსი დაკარგული ეგზემპლარის სტატუსი კლასიფიკაციის წყარო ან თაროზე გაწყობის სქემა დაზიანების სტატუსი არ გაიცემა მუდმივი მდებარეობა (დაცვის ადგილი) ამჟამინდელი ადგილსამყოფელი თაროზე განთავსების ადგილი შეძენის თარიღი ღირებულება, შესყიდვის ნორმალური ფასი სრული შენახვის შიფრი შტრიხკოდი ბოლო ოპერაციის თარიღი ეგზემპლარის მიმდევრობითი ნომერი (კეტერი?) ფასის ძალაში შესვლის თარიღი ეგზემპლარის სახეობა საჯარო შენიშვნა
          ბათუმის შოთა რუსთაველის სახელმწიფო უნივერსიტეტის მთავარი ბიბლიოთეკა ბათუმის შოთა რუსთაველის სახელმწიფო უნივერსიტეტის მთავარი ბიბლიოთეკა წიგნსაცავი 2018-12-17 15.00 81'374.822 გ-36 23425 2018-12-17 23425 2018-12-17 წიგნი 15.00 ₾.